000 00403nam a22001697a 4500
005 20160629165524.0
008 160629b xxu||||| |||| 00| 0 eng d
020 _a81-88458-48-1
041 _aeng
082 _b12898
100 _aDogra, Dr.rakesh
_93219
245 _aElectrical Engineering Material
260 _bKatson
_c2012
300 _a334
650 _aDiploma Engineering
_9817
942 _cBK
999 _c4766
_d4764